<?xml version="1.0" encoding="UTF-8"?>
<record
    xmlns:xsi="http://www.w3.org/2001/XMLSchema-instance"
    xsi:schemaLocation="http://www.loc.gov/MARC21/slim http://www.loc.gov/standards/marcxml/schema/MARC21slim.xsd"
    xmlns="http://www.loc.gov/MARC21/slim">

  <leader>00992nam0a22002531  4500</leader>
  <controlfield tag="001">rc\472140</controlfield>
  <controlfield tag="005">20260407094101.0</controlfield>
  <datafield tag="035" ind1=" " ind2=" ">
    <subfield code="a">(NLR Aleph) 005715682</subfield>
  </datafield>
  <datafield tag="090" ind1=" " ind2=" ">
    <subfield code="a">7424929</subfield>
    <subfield code="c">7424929</subfield>
  </datafield>
  <datafield tag="100" ind1=" " ind2=" ">
    <subfield code="a">20030616d1988    |||y0rusy50      ca</subfield>
  </datafield>
  <datafield tag="101" ind1="0" ind2=" ">
    <subfield code="a">rus</subfield>
  </datafield>
  <datafield tag="102" ind1=" " ind2=" ">
    <subfield code="a">RU</subfield>
  </datafield>
  <datafield tag="105" ind1=" " ind2=" ">
    <subfield code="a">y   |||||||||</subfield>
  </datafield>
  <datafield tag="200" ind1="1" ind2=" ">
    <subfield code="a">&#x418;&#x448;&#x435;&#x43C;&#x438;&#x447;&#x435;&#x441;&#x43A;&#x430;&#x44F; &#x431;&#x43E;&#x43B;&#x435;&#x437;&#x43D;&#x44C; &#x441;&#x435;&#x440;&#x434;&#x446;&#x430; &#x438; &#x43D;&#x430;&#x440;&#x443;&#x448;&#x435;&#x43D;&#x438;&#x44F; &#x441;&#x435;&#x440;&#x434;&#x435;&#x447;&#x43D;&#x43E;&#x433;&#x43E; &#x440;&#x438;&#x442;&#x43C;&#x430;</subfield>
    <subfield code="e">&#x421;&#x431;. &#x43D;&#x430;&#x443;&#x447;. &#x442;&#x440;.</subfield>
    <subfield code="f">&#x421;&#x432;&#x435;&#x440;&#x434;&#x43B;&#x43E;&#x432;. &#x433;&#x43E;&#x441;. &#x43C;&#x435;&#x434;. &#x438;&#x43D;-&#x442;</subfield>
    <subfield code="g">&#x41F;&#x43E;&#x434; &#x440;&#x435;&#x434;. &#x421;.&#x421;. &#x411;&#x430;&#x440;&#x430;&#x446;&#x430;, &#x415;.&#x414;. &#x420;&#x43E;&#x436;&#x434;&#x435;&#x441;&#x442;&#x432;&#x435;&#x43D;&#x441;&#x43A;&#x43E;&#x439;</subfield>
  </datafield>
  <datafield tag="210" ind1=" " ind2=" ">
    <subfield code="a">&#x421;&#x432;&#x435;&#x440;&#x434;&#x43B;&#x43E;&#x432;&#x441;&#x43A;</subfield>
    <subfield code="c">&#x421;&#x413;&#x41C;&#x418;</subfield>
    <subfield code="d">1988</subfield>
  </datafield>
  <datafield tag="215" ind1=" " ind2=" ">
    <subfield code="a">140 &#x441;.</subfield>
    <subfield code="d">20</subfield>
  </datafield>
  <datafield tag="320" ind1=" " ind2=" ">
    <subfield code="a">&#x411;&#x438;&#x431;&#x43B;&#x438;&#x43E;&#x433;&#x440;. &#x432; &#x43A;&#x43E;&#x43D;&#x446;&#x435; &#x441;&#x442;.</subfield>
  </datafield>
  <datafield tag="702" ind1=" " ind2="1">
    <subfield code="a">&#x411;&#x430;&#x440;&#x430;&#x446;</subfield>
    <subfield code="b">&#x421;.&#x421;.</subfield>
    <subfield code="g">&#x421;&#x43E;&#x43B;&#x43E;&#x43C;&#x43E;&#x43D; &#x421;&#x430;&#x43C;&#x43E;&#x439;&#x43B;&#x43E;&#x432;&#x438;&#x447;</subfield>
    <subfield code="4">340</subfield>
  </datafield>
  <datafield tag="712" ind1="0" ind2="2">
    <subfield code="a">&#x421;&#x432;&#x435;&#x440;&#x434;&#x43B;&#x43E;&#x432;&#x441;&#x43A;&#x438;&#x439; &#x43C;&#x435;&#x434;&#x438;&#x446;&#x438;&#x43D;&#x441;&#x43A;&#x438;&#x439; &#x438;&#x43D;&#x441;&#x442;&#x438;&#x442;&#x443;&#x442;</subfield>
    <subfield code="3">RU\NLR\AUTH\889917898</subfield>
    <subfield code="9">331936</subfield>
  </datafield>
  <datafield tag="801" ind1=" " ind2="0">
    <subfield code="a">RU</subfield>
    <subfield code="b">NLR</subfield>
    <subfield code="g">psbo</subfield>
  </datafield>
  <datafield tag="801" ind1=" " ind2="1">
    <subfield code="a">RU</subfield>
    <subfield code="b">ELAR</subfield>
    <subfield code="2">rusmarc</subfield>
  </datafield>
  <datafield tag="852" ind1=" " ind2=" ">
    <subfield code="a">NLR</subfield>
    <subfield code="j">89-3/7216</subfield>
  </datafield>
  <datafield tag="942" ind1=" " ind2=" ">
    <subfield code="c">BOOK</subfield>
  </datafield>
  <datafield tag="980" ind1=" " ind2=" ">
    <subfield code="a">NB</subfield>
  </datafield>
  <datafield tag="995" ind1=" " ind2=" ">
    <subfield code="5">2013-10-26</subfield>
    <subfield code="b">NLR01</subfield>
    <subfield code="c">NLR01</subfield>
    <subfield code="e">RF9</subfield>
    <subfield code="f">5715682-10</subfield>
    <subfield code="k">89-3/7216</subfield>
    <subfield code="o">0</subfield>
    <subfield code="r">BOOK</subfield>
    <subfield code="s">8937216_</subfield>
  </datafield>
</record>
